Answers Start with "Alb-" - Statistics

General Stats
  • This quiz has been taken 262 times
    104 since last reset
  • The average score is 11 of 16
Answer Stats
Hint Answer % Correct
First name of physicist Einstein Albert
99%
One who lacks pigment albino
98%
A collection of recordings issued as a single item album
96%
Saint who is first-recorded British Christian martyr Alban
94%
Large oceanic bird with long narrow wings albatross
92%
Country located in the Balkans Albania
90%
Canadian province Alberta
88%
Capital of New York State Albany
78%
Most populous city in New Mexico Albuquerque
77%
Conjunction meaning "although" albeit
76%
First name of wizard Dumbledore Albus
72%
Egg white, the clear liquid within an egg albumen
58%
Type of tuna albacore
50%
Secretary of State during the Clinton Administration Albright
33%
Playwright of Who's Afraid of Virginia Woolf? Albee
27%
The fraction of sunlight diffusely reflected by a body albedo
18%
No matching quizzes found
Score Distribution
Percent of People with Each Score
Percentile by Number Answered
Your Score History
You have not taken this quiz since the last reset